[Event "Interclubs Adultes"]
[Site "Evry"]
[Date "30.05.30"]
[Round "9.5"]
[White "Hamdouchi, Hichem"]
[Black "Vallin, Guillaume"]
[Result "1-0"]
[WhiteElo "2576"]
[BlackElo "2409"]
[PlyCount "95"]
[EventDate "30.??.??"]
[WhiteTeam "Montpellier"]
[BlackTeam "Gonfreville l'Orcher"]

1. e4 e6 2. d4 d5 3. Nd2 c5 4. Ngf3 Nc6 5. exd5 exd5 6. Bb5 Bd6 7. O-O Nge7 8.
c4 O-O 9. dxc5 Bxc5 10. Nb3 Bb6 11. c5 Bc7 12. h3 a6 13. Ba4 h6 14. Nbd4 Nxd4
15. Nxd4 Nf5 16. Nxf5 Bxf5 17. Qd4 Qe7 18. Bf4 Bxf4 19. Qxf4 Qe4 20. Qxe4 dxe4
21. Rfd1 Rfd8 22. Bc2 Bg6 23. Rxd8+ Rxd8 24. Rd1 Rxd1+ 25. Bxd1 f5 26. f3 Bf7
27. fxe4 fxe4 28. Kf2 Bxa2 29. b3 Kf7 30. Ke3 Ke6 31. Kxe4 Bb1+ 32. Kd4 Kd7 33.
b4 Kc7 34. g4 Bg6 35. Ke5 Bf7 36. Be2 Kc6 37. h4 Kc7 38. h5 Kc6 39. Bf3+ Kc7
40. Bd1 Kc6 41. Ba4+ Kc7 42. Kf5 b6 43. cxb6+ Kxb6 44. Ke5 g6 45. g5 gxh5 46.
gxh6 Bg8 47. Kf6 h4 48. Bd7 1-0

[Event "Interclubs Adultes"]
[Site "Evry"]
[Date "30.05.30"]
[Round "9.6"]
[White "Collas, Didier"]
[Black "Flear, Glenn C"]
[Result "1-0"]
[WhiteElo "2446"]
[BlackElo "2508"]
[PlyCount "83"]
[EventDate "30.??.??"]
[WhiteTeam "Gonfreville l'Orcher"]
[BlackTeam "Montpellier"]

1. c4 e6 2. Nf3 d5 3. d4 Nf6 4. Bg5 dxc4 5. Qa4+ c6 6. Qxc4 b5 7. Qb3 a6 8. a4
b4 9. g3 c5 10. Bg2 Bb7 11. O-O Nc6 12. Nbd2 Rc8 13. Bxf6 gxf6 14. dxc5 Bxc5
15. Nc4 O-O 16. Rac1 Qe7 17. Rfd1 Rfd8 18. e3 Rxd1+ 19. Qxd1 Rd8 20. Nfd2 f5
21. Qh5 Na5 22. Bxb7 Nxb7 23. Nf3 f6 24. Ncd2 Rd5 25. Qh4 Qd8 26. Rc2 Na5 27.
b3 Kg7 28. e4 fxe4 29. Qxe4 Qb6 30. Nc4 Nxc4 31. Qxc4 Qd6 32. Kg2 f5 33. Qe2 h6
34. Rc4 e5 35. Nh4 e4 36. Rc2 Qe6 37. Rd2 f4 38. Rxd5 Qxd5 39. Qg4+ Kh8 40.
Ng6+ Kh7 41. Nxf4 Qc6 42. Qf5+ 1-0

[Event "Interclubs Adultes"]
[Site "Evry"]
[Date "30.05.30"]
[Round "9.7"]
[White "Libiszewski, Fabien"]
[Black "Payen, Arnaud"]
[Result "1-0"]
[WhiteElo "2465"]
[BlackElo "2372"]
[PlyCount "57"]
[EventDate "30.??.??"]
[WhiteTeam "Montpellier"]
[BlackTeam "Gonfreville l'Orcher"]

1. e4 g6 2. d4 Bg7 3. Nc3 c6 4. h3 d5 5. Nf3 Nh6 6. Bd3 O-O 7. O-O dxe4 8. Nxe4
Nf5 9. c3 Nd7 10. Re1 Nb6 11. Bg5 Nd5 12. Bf1 h6 13. Bd2 b6 14. Qc2 Bb7 15.
Rad1 a5 16. Qc1 Kh7 17. Bd3 Nd6 18. Nxd6 exd6 19. Re4 Rh8 20. Rh4 Qf8 21. Re1
Kg8 22. Rhe4 Bf6 23. Nh2 h5 24. c4 Nc7 25. Bg5 Qg7 26. Qf4 Bxg5 27. Qxg5 Rc8
28. Re7 Kh7 29. Rxf7 1-0

[Event "Interclubs Adultes"]
[Site "Evry"]
[Date "30.05.30"]
[Round "9.8"]
[White "Collas, Silvia"]
[Black "Milliet, Sophie"]
[Result "1/2-1/2"]
[WhiteElo "2395"]
[BlackElo "2354"]
[PlyCount "73"]
[EventDate "30.??.??"]
[WhiteTeam "Gonfreville l'Orcher"]
[BlackTeam "Montpellier"]

1. c4 e5 2. Nc3 Nf6 3. Nf3 Nc6 4. e3 Bb4 5. Nd5 e4 6. Ng1 O-O 7. Qc2 Re8 8. Ne2
Bd6 9. a3 b5 10. Nxf6+ Qxf6 11. cxb5 Ne5 12. Qxe4 Bb7 13. Qd4 a6 14. f4 Qh4+
15. Ng3 Ng4 16. bxa6 Bxa6 17. Bxa6 Rxa6 18. Ke2 Nf6 19. Kf1 Qg4 20. Kf2 Qh4 21.
b4 Ne4+ 22. Kg1 Bxf4 23. Qxg7+ Kxg7 24. Nf5+ Kf8 25. Nxh4 Be5 26. Rb1 Rc6 27.
Nf3 Rc2 28. Kf1 Bf6 29. Ke1 Re6 30. Rf1 Rec6 31. Kd1 Ra2 32. b5 Rd6 33. Rb4
Nc3+ 34. Ke1 Rc2 35. Kf2 Na2 36. Rb1 Nc3 37. Rb4 1/2-1/2

[Event "Interclubs Adultes"]
[Site "Evry"]
[Date "30.??.??"]
[Round "9.1"]
[White "Bricard, Emmanuel"]
[Black "Chuchelov, Vladimir"]
[Result "0-1"]
[WhiteElo "2484"]
[BlackElo "2553"]
[PlyCount "58"]
[EventDate "30.??.??"]
[WhiteTeam "Mulhouse Philidor"]
[BlackTeam "Evry Grand Roque"]

1. e4 c5 2. Nc3 Nc6 3. f4 e6 4. Nf3 d5 5. Bb5 Nge7 6. Qe2 d4 7. Nd1 a6 8. Bxc6+
Nxc6 9. d3 Be7 10. e5 b5 11. Nf2 Bb7 12. O-O Rc8 13. Ne4 O-O 14. g4 Nb4 15. Bd2
Nxc2 16. Rac1 Ne3 17. Bxe3 dxe3 18. Qxe3 Qd5 19. Nc3 Qd7 20. Ne4 Rfd8 21. Nxc5
Rxc5 22. Rxc5 Bxc5 23. Qxc5 Qxd3 24. Qb6 Rd7 25. f5 Qe4 26. h3 exf5 27. e6 fxe6
28. Re1 Qxf3 29. Qxe6+ Rf7 0-1

[Event "Interclubs Adultes"]
[Site "Evry"]
[Date "30.??.??"]
[Round "9.3"]
[White "Riff, Jean-Noel"]
[Black "Feller, Sebastien"]
[Result "1/2-1/2"]
[WhiteElo "2487"]
[BlackElo "2540"]
[PlyCount "35"]
[EventDate "30.??.??"]
[WhiteTeam "Mulhouse Philidor"]
[BlackTeam "Evry Grand Roque"]

1. e4 e6 2. d4 d5 3. Nc3 Nf6 4. e5 Nfd7 5. f4 c5 6. Nf3 Nc6 7. Be3 cxd4 8. Nxd4
Bc5 9. Qd2 O-O 10. O-O-O a6 11. Nb3 Bxe3 12. Qxe3 b5 13. Bd3 b4 14. Ne4 a5 15.
Nbc5 Nxc5 16. Nf6+ gxf6 17. Bxh7+ Kxh7 18. Qh3+ 1/2-1/2

[Event "Interclubs Adultes"]
[Site "Evry"]
[Date "30.??.??"]
[Round "9.4"]
[White "Chabanon, Jean-Luc"]
[Black "Genov, Petar"]
[Result "1/2-1/2"]
[WhiteElo "2454"]
[BlackElo "2474"]
[PlyCount "109"]
[EventDate "30.??.??"]
[WhiteTeam "Evry Grand Roque"]
[BlackTeam "Mulhouse Philidor"]

1. d4 Nf6 2. c4 e6 3. Nf3 Bb4+ 4. Bd2 Qe7 5. g3 Nc6 6. Nc3 O-O 7. Bg2 d6 8. O-O
Bxc3 9. Bxc3 e5 10. d5 Nb8 11. c5 Na6 12. cxd6 cxd6 13. Nd2 Bd7 14. Nc4 Rac8
15. Na5 Nc5 16. Bb4 b6 17. Nc6 Bxc6 18. dxc6 d5 19. Bxd5 Rfd8 20. e4 Nfxe4 21.
Bxe4 Rxd1 22. Rfxd1 Rd8 23. Rxd8+ Qxd8 24. Bxc5 bxc5 25. Rc1 g6 26. b4 f5 27.
Bc2 Qc7 28. Bb3+ Kg7 29. Rxc5 e4 30. Kf1 Kf6 31. Ke2 Kg5 32. h3 Kf6 33. b5 g5
34. g4 f4 35. Rf5+ Kg6 36. Bf7+ Kh6 37. Bd5 Qe7 38. c7 Qc5 39. Bxe4 Qxc7 40.
Kf3 Qc3+ 41. Kg2 Qd4 42. Bf3 Kg6 43. Rd5 Qb4 44. Rd7 Qa3 45. Rc7 Kf6 46. Rxh7
Qxa2 47. Rh6+ Kg7 48. Rh5 Kf6 49. h4 gxh4 50. Rf5+ Kg7 51. Rxf4 h3+ 52. Kg3 Qa1
53. Rf5 Qg1+ 54. Kxh3 Qxf2 55. Bg2 1/2-1/2

[Event "Interclubs Adultes"]
[Site "Evry"]
[Date "30.??.??"]
[Round "9.5"]
[White "Fischer, Marc"]
[Black "Hauchard, Arnaud"]
[Result "1/2-1/2"]
[WhiteElo "2248"]
[BlackElo "2490"]
[PlyCount "73"]
[EventDate "30.??.??"]
[WhiteTeam "Mulhouse Philidor"]
[BlackTeam "Evry Grand Roque"]

1. d4 Nf6 2. g3 d5 3. Nf3 Bf5 4. Bg2 e6 5. O-O Nbd7 6. b3 Be7 7. Nbd2 h6 8. c4
c6 9. Bb2 Ne4 10. Ne1 Ndf6 11. Nxe4 Bxe4 12. f3 Bh7 13. Nd3 O-O 14. Ne5 c5 15.
Rc1 Qa5 16. a4 Rfd8 17. e3 Rac8 18. cxd5 Nxd5 19. Nc4 Qa6 20. Qe2 Nb4 21. Rfd1
Bf6 22. Bc3 Nd5 23. Ba1 cxd4 24. Bxd4 Bxd4 25. Rxd4 b5 26. axb5 Qxb5 27. Qb2
Qb8 28. Rcd1 Nf6 29. Bf1 Rxd4 30. Rxd4 Bg6 31. e4 Kh7 32. Qa3 Qc7 33. Rd2 Rb8
34. Ra2 Qd8 35. Rd2 Qc7 36. Ra2 Qd8 37. Rd2 1/2-1/2

[Event "Interclubs Adultes"]
[Site "Evry"]
[Date "30.??.??"]
[Round "9.7"]
[White "Guth, Noel"]
[Black "Bergez, Luc"]
[Result "0-1"]
[WhiteElo "2107"]
[BlackElo "2367"]
[PlyCount "95"]
[EventDate "30.??.??"]
[WhiteTeam "Mulhouse Philidor"]
[BlackTeam "Evry Grand Roque"]

1. d4 Nf6 2. Nf3 e6 3. Bg5 c5 4. Bxf6 Qxf6 5. e3 b6 6. Nbd2 Bb7 7. Bd3 cxd4 8.
exd4 Nc6 9. c3 Be7 10. Qe2 O-O 11. O-O Qh6 12. Qe3 Qxe3 13. fxe3 f5 14. e4 fxe4
15. Nxe4 h6 16. Rae1 g5 17. h3 Rf4 18. g3 Rf7 19. Nh2 Raf8 20. Ng4 Kg7 21.
Rxf7+ Rxf7 22. Rf1 Rf5 23. Ne3 Rxf1+ 24. Kxf1 Nd8 25. Nd2 Bd6 26. Kf2 Nf7 27.
Bb5 Bc8 28. Bc4 Bb8 29. Bd3 Bb7 30. Bb5 Bc8 31. Bd3 Kf6 32. Ne4+ Ke7 33. Nd2
Bb7 34. Ng4 h5 35. Ne3 h4 36. gxh4 gxh4 37. Be4 Bg3+ 38. Ke2 Ba6+ 39. Kf3 Be1
40. Nef1 Ng5+ 41. Ke3 Nxh3 42. Nh2 d6 43. Ng4 Bg3 44. Bd3 Bf4+ 45. Ke2 Ng1+ 46.
Kf2 Bxd3 47. Kxg1 Bxd2 48. c4 0-1

[Event "Interclubs Adultes"]
[Site "Evry"]
[Date "30.??.??"]
[Round "9.8"]
[White "Roumegous, Marina"]
[Black "Muller, Anne"]
[Result "0-1"]
[WhiteElo "2217"]
[BlackElo "2165"]
[PlyCount "76"]
[EventDate "30.??.??"]
[WhiteTeam "Evry Grand Roque"]
[BlackTeam "Mulhouse Philidor"]

1. d4 Nf6 2. c4 e6 3. Nc3 Bb4 4. Bg5 h6 5. Bh4 c5 6. d5 d6 7. e3 Bxc3+ 8. bxc3
e5 9. f3 Qe7 10. Qc2 g5 11. Bg3 e4 12. O-O-O Bf5 13. h4 Rg8 14. hxg5 hxg5 15.
f4 Ng4 16. Re1 f6 17. Be2 Nd7 18. Qd1 gxf4 19. Bxf4 Nf2 20. Qb3 Nxh1 21. Qxb7
Rb8 22. Qc7 Rb6 23. Rf1 Kf7 24. Bh5+ Bg6 25. Bd1 Rgb8 26. Bc2 Ne5 27. Qxe7+
Kxe7 28. Nh3 Nd3+ 29. Kd2 Rb2 30. Bxd6+ Kxd6 31. Rxf6+ Kd7 32. Rxg6 Rxa2 33.
Rg7+ Kd6 34. Rg6+ Ke7 35. Re6+ Kd7 36. Rxe4 Nhf2 37. Nxf2 Nxf2 38. Rf4 Rbb2 0-1

[Event "Interclubs Adultes"]
[Site "Evry"]
[Date "30.??.??"]
[Round "9.3"]
[White "Meier, Georg"]
[Black "Palac, Mladen"]
[Result "1/2-1/2"]
[WhiteElo "2560"]
[BlackElo "2559"]
[PlyCount "39"]
[EventDate "30.??.??"]
[WhiteTeam "Vandoeuvre"]
[BlackTeam "Cannes"]

1. d4 d5 2. c4 e6 3. Nc3 Bb4 4. Nf3 Nf6 5. Bg5 Nbd7 6. e3 c5 7. cxd5 exd5 8.
Bb5 Qa5 9. O-O Bxc3 10. Bxd7+ Bxd7 11. Bxf6 Bb5 12. Bxg7 Rg8 13. Be5 Bxb2 14.
Rb1 Bxf1 15. Qxf1 Ba3 16. Rxb7 c4 17. Qb1 Qa6 18. Rb8+ Ke7 19. Rb7+ Ke8 20.
Rb8+ 1/2-1/2

[Event "Interclubs Adultes"]
[Site "Evry"]
[Date "30.??.??"]
[Round "9.6"]
[White "Cornette, Matthieu"]
[Black "Brunner, Nicolas"]
[Result "1/2-1/2"]
[WhiteElo "2496"]
[BlackElo "2404"]
[PlyCount "97"]
[EventDate "30.??.??"]
[WhiteTeam "Cannes"]
[BlackTeam "Vandoeuvre"]

1. e4 c6 2. d4 d5 3. f3 g6 4. Nc3 Bg7 5. Be3 Qb6 6. Qd2 Qxb2 7. Rb1 Qa3 8. Bd3
Qa5 9. Nge2 e6 10. O-O Qd8 11. Bg5 f6 12. Bh4 Ne7 13. f4 O-O 14. e5 f5 15. Na4
b6 16. Qb4 Kf7 17. Qa3 Ba6 18. Rf3 Bxd3 19. Rxd3 Nd7 20. Qd6 Re8 21. Rc3 Rc8
22. Nc5 bxc5 23. Rb7 Nb6 24. dxc5 Nc4 25. Rxc4 Qxd6 26. cxd6 dxc4 27. d7 Bf8
28. Nd4 h6 29. Rxa7 c3 30. Kf2 Rb8 31. dxe8=Q+ Rxe8 32. Bxe7 Rxe7 33. Rxe7+
Bxe7 34. Ke3 g5 35. g3 Ba3 36. Nxc6 Ke8 37. Nd4 Kd7 38. Kd3 gxf4 39. gxf4 Bc1
40. Ne2 Bd2 41. Kc4 Kc6 42. a4 Kb6 43. a5+ Kxa5 44. Kc5 Ka4 45. Kd6 Ka3 46.
Kxe6 Kb2 47. Kxf5 Kxc2 48. e6 Kd3 49. Nxc3 1/2-1/2

[Event "Interclubs Adultes"]
[Site "Evry"]
[Date "30.??.??"]
[Round "9.7"]
[White "Paci, Cedric"]
[Black "Guidarelli, Laurent"]
[Result "1-0"]
[WhiteElo "2303"]
[BlackElo "2429"]
[PlyCount "117"]
[EventDate "30.??.??"]
[WhiteTeam "Vandoeuvre"]
[BlackTeam "Cannes"]

1. Nf3 d5 2. c4 c6 3. g3 dxc4 4. Bg2 Nd7 5. Qc2 Nb6 6. Na3 Qd5 7. e4 Qd3 8.
Qxd3 cxd3 9. Ne5 f6 10. Nxd3 e5 11. f4 exf4 12. Nxf4 Bd7 13. d4 O-O-O 14. Nc2
Nh6 15. a4 Na8 16. O-O Nc7 17. h3 Nf7 18. Be3 Kb8 19. Kh2 Nd6 20. Rae1 Nc4 21.
Bc1 c5 22. dxc5 Bxa4 23. Ne3 Bb5 24. Ned5 Re8 25. b4 Ne5 26. Rg1 a5 27. Bd2 Na6
28. Rb1 axb4 29. Bxb4 Nc6 30. Ba3 Na7 31. Rgc1 Bc6 32. Bf1 Nc7 33. Nxc7 Kxc7
34. Nd5+ Kb8 35. Bg2 Nb5 36. Bb4 Nd4 37. Bd2 Ne6 38. Nb4 Nd8 39. Bf4+ Kc8 40.
Nd5 Ne6 41. Nb6+ Kd8 42. Bd6 Re7 43. Ra1 Nc7 44. Nd5 Rd7 45. Bxc7+ Rxc7 46.
Nxc7 Kxc7 47. Ra8 g6 48. e5 Bg7 49. Rxh8 Bxh8 50. Bxc6 bxc6 51. e6 Kd8 52. Ra1
Bg7 53. Ra8+ Ke7 54. Ra7+ Kf8 55. Rf7+ Kg8 56. Rc7 Kf8 57. Rxc6 f5 58. Rc8+ Ke7
59. Rc7+ 1-0

[Event "Interclubs Adultes"]
[Site "Evry"]
[Date "30.05.30"]
[Round "9.2"]
[White "Delchev, Aleksander"]
[Black "Sulava, Nenad"]
[Result "1/2-1/2"]
[WhiteElo "2639"]
[BlackElo "2479"]
[PlyCount "58"]
[EventDate "30.??.??"]
[WhiteTeam "Marseille Echecs"]
[BlackTeam "Hyères"]

1. d4 Nf6 2. Nf3 e6 3. c4 Bb4+ 4. Bd2 a5 5. Nc3 b6 6. Bg5 Bb7 7. Nd2 h6 8. Bh4
g5 9. Bg3 Nh5 10. Be5 f6 11. e3 fxe5 12. Qxh5+ Ke7 13. h4 exd4 14. exd4 Nc6 15.
d5 Nd4 16. O-O-O Qf8 17. Bd3 Qg7 18. Nde4 g4 19. Ne2 Nxe2+ 20. Bxe2 Rhg8 21. a3
Raf8 22. dxe6 d6 23. axb4 Bxe4 24. Qb5 axb4 25. f3 gxf3 26. Bxf3 Bxf3 27. gxf3
Rxf3 28. Rhf1 Rc3+ 29. bxc3 Qxc3+ 1/2-1/2

[Event "Interclubs Adultes"]
[Site "Evry"]
[Date "30.05.30"]
[Round "9.3"]
[White "Drasko, Milan"]
[Black "Miton, Kamil"]
[Result "1/2-1/2"]
[WhiteElo "2536"]
[BlackElo "2620"]
[PlyCount "43"]
[EventDate "30.??.??"]
[WhiteTeam "Hyères"]
[BlackTeam "Marseille Echecs"]

1. d4 Nf6 2. c4 g6 3. Nf3 Bg7 4. g3 c5 5. d5 b5 6. cxb5 Qa5+ 7. Bd2 Qxb5 8. Nc3
Qb6 9. Bg2 d6 10. O-O O-O 11. Ne1 Na6 12. Nc2 Rb8 13. Rb1 Nb4 14. Ne3 Ng4 15.
Nxg4 Bxg4 16. a3 Na6 17. Qa4 Bc8 18. b3 Qb7 19. Rfc1 Bf5 20. e4 Bd7 21. Qc4
Rfc8 22. Bf1 1/2-1/2

[Event "Interclubs Adultes"]
[Site "Evry"]
[Date "30.05.30"]
[Round "9.4"]
[White "Jedynak, Radoslaw"]
[Black "Vincent, Stephane"]
[Result "1-0"]
[WhiteElo "2515"]
[BlackElo "2235"]
[PlyCount "51"]
[EventDate "30.??.??"]
[WhiteTeam "Marseille Echecs"]
[BlackTeam "Hyères"]

1. d4 Nf6 2. c4 c5 3. Nf3 cxd4 4. Nxd4 e5 5. Nb5 d5 6. cxd5 Bc5 7. e3 O-O 8.
N5c3 e4 9. Be2 Re8 10. g4 Re5 11. Nd2 Na6 12. a3 Nc7 13. b4 Bxe3 14. fxe3 Nxg4
15. Nc4 Qh4+ 16. Kd2 Nf2 17. Qe1 Rf5 18. Bb2 Nxd5 19. Nxd5 Rxd5+ 20. Kc2 b5 21.
Rf1 bxc4 22. Qxf2 Qe7 23. Bxc4 Rf5 24. Qg3 g6 25. Rxf5 Bxf5 26. Qe5 1-0

[Event "Interclubs Adultes"]
[Site "Evry"]
[Date "30.??.??"]
[Round "9.5"]
[White "Garro, Pierre"]
[Black "Gozzoli, Yannick"]
[Result "0-1"]
[WhiteElo "2173"]
[BlackElo "2509"]
[PlyCount "28"]
[EventDate "30.??.??"]
[WhiteTeam "Hyères"]
[BlackTeam "Marseille Echecs"]

1. e4 e5 2. Nf3 Nc6 3. Bc4 Nf6 4. Ng5 Bc5 5. Nxf7 Qe7 6. Nxh8 Bxf2+ 7. Kf1 d5
8. exd5 Nd4 9. c3 Bg4 10. Qa4+ Nd7 11. Kxf2 Qh4+ 12. Kf1 O-O-O 13. Qa3 Nc2 14.
g3 Qf6+ 0-1

[Event "Interclubs Adultes"]
[Site "Evry"]
[Date "30.05.30"]
[Round "8.5"]
[White "Marzolo, Cyril"]
[Black "Langevin, Philippe"]
[Result "1-0"]
[WhiteElo "2476"]
[BlackElo "2147"]
[PlyCount "81"]
[EventDate "29.??.??"]
[WhiteTeam "Marseille Echecs"]
[BlackTeam "Bischwiller"]

1. d4 Nf6 2. c4 g6 3. Nc3 Bg7 4. e4 d6 5. Nf3 O-O 6. Be2 Bg4 7. Be3 Nfd7 8. Rc1
e5 9. d5 a5 10. b3 Na6 11. a3 Bxf3 12. Bxf3 f5 13. O-O Nf6 14. exf5 gxf5 15.
Qc2 e4 16. Be2 Qe7 17. Rce1 Qe5 18. Bd2 Rae8 19. g3 Nd7 20. Bf3 Nac5 21. Bg2
Nd3 22. Re2 c6 23. Nxe4 fxe4 24. Bxe4 Qb2 25. Qxb2 Nxb2 26. dxc6 bxc6 27. Rfe1
Rxe4 28. Rxe4 Nc5 29. Rg4 Nbd3 30. Bc3 Ne5 31. Rxg7+ Kxg7 32. f4 Ncd3 33. Re4
Kg6 34. fxe5 dxe5 35. Re3 Nc5 36. Bxa5 Rf5 37. Bb4 Ne6 38. Bc3 Kf6 39. Kg2 c5
40. b4 Ng5 41. g4 1-0

[Event "Interclubs Adultes"]
[Site "Evry"]
[Date "30.??.??"]
[Round "9.7"]
[White "Baudson, Charles"]
[Black "Guadalpi, David"]
[Result "0-1"]
[WhiteElo "2053"]
[BlackElo "2319"]
[PlyCount "184"]
[EventDate "30.??.??"]
[WhiteTeam "Hyères"]
[BlackTeam "Marseille Echecs"]

1. e4 e5 2. Bc4 Nf6 3. Nf3 d6 4. d3 Be7 5. Be3 O-O 6. Nbd2 c6 7. d4 Nbd7 8.
dxe5 dxe5 9. h3 Qc7 10. a4 Nc5 11. Bxc5 Bxc5 12. c3 a5 13. Qc2 Bd7 14. Nf1 Nh5
15. O-O-O Rad8 16. Ng5 h6 17. Nf3 Bc8 18. N1h2 Rxd1+ 19. Rxd1 Nf4 20. Ng4 Ng6
21. Qb3 Bxg4 22. hxg4 Bxf2 23. Kb1 Qe7 24. Rf1 Be3 25. g3 Kh8 26. Ng1 f6 27.
Nh3 Qd7 28. Be2 Re8 29. Rd1 Qe7 30. Bc4 Nf8 31. Rd3 Bc5 32. Qd1 Bb6 33. Ng1 Qc5
34. Bf7 Re7 35. Bb3 Qxg1 36. Qxg1 Bxg1 37. Rd8 Kh7 38. Rxf8 Kg6 39. Rd8 Kg5 40.
Bd1 g6 41. Kc2 Bf2 42. Rd3 Rf7 43. Rf3 Bc5 44. Be2 f5 45. gxf5 gxf5 46. g4 f4
47. Rh3 Kg6 48. Bf3 Bf8 49. Rh5 Bg7 50. Rh1 Rd7 51. Rf1 Bf6 52. Rh1 Be7 53. Rh5
Bg5 54. Rh2 Bf6 55. Rh1 Rd6 56. Rh5 Bg5 57. Rh1 Kf6 58. Rh2 Ke7 59. Rh1 Kd7 60.
Rd1 Rxd1 61. Bxd1 Kd6 62. Kd3 Kc5 63. b3 Bh4 64. Be2 Be1 65. Bd1 b6 66. c4 Kb4
67. Kc2 Kc5 68. Kd3 Bf2 69. Bf3 Kb4 70. Kc2 Bh4 71. Bd1 Bd8 72. Be2 Bc7 73. Bf3
b5 74. cxb5 cxb5 75. axb5 Kxb5 76. Be2+ Kb4 77. Bd1 Bb6 78. Be2 Bf2 79. Bf3 Be1
80. Bd1 a4 81. bxa4 Kc4 82. Bf3 Kd4 83. Kd1 Ke3 84. Kxe1 Kxf3 85. a5 Kg2 86. a6
f3 87. a7 f2+ 88. Kd2 f1=Q 89. a8=Q Qf4+ 90. Kd3 Qxg4 91. Qd5 Qf4 92. Qg8+ Qg3+
0-1

[Event "Interclubs Adultes"]
[Site "Evry"]
[Date "30.05.30"]
[Round "9.8"]
[White "Delorme, Laurie"]
[Black "Martinovic, Gordana"]
[Result "1-0"]
[WhiteElo "2140"]
[BlackElo "1603"]
[PlyCount "73"]
[EventDate "30.??.??"]
[WhiteTeam "Marseille Echecs"]
[BlackTeam "Hyères"]

1. d4 Nf6 2. c4 d6 3. Nc3 Nbd7 4. Nf3 e5 5. Bg5 Be7 6. e3 c6 7. Qc2 O-O 8.
O-O-O Qc7 9. Bd3 Re8 10. Bh4 exd4 11. exd4 Nf8 12. h3 Bd7 13. g4 g6 14. Rhe1
Kg7 15. d5 Ng8 16. Bg3 Rac8 17. c5 cxd5 18. Rxe7 Nxe7 19. cxd6 Qb6 20. dxe7
Rxe7 21. Be5+ Kg8 22. Kb1 Be6 23. Bd4 Qa5 24. Qd2 f5 25. gxf5 Bxf5 26. Bxf5
gxf5 27. Qg5+ Ng6 28. h4 Re6 29. h5 Qd8 30. hxg6 Rxg6 31. Qxd8+ Rxd8 32. Bxa7
h5 33. Rh1 Rh6 34. Be3 Rh8 35. Ne2 Kf7 36. Ng5+ Kg6 37. Nf4+ 1-0

[Event "Interclubs Adultes"]
[Site "Evry"]
[Date "30.05.30"]
[Round "9.1"]
[White "Sargissian, Gabriel"]
[Black "Damljanovic, Branko"]
[Result "1/2-1/2"]
[WhiteElo "2643"]
[BlackElo "2595"]
[PlyCount "39"]
[EventDate "30.??.??"]
[WhiteTeam "Bischwiller"]
[BlackTeam "Antibes"]

1. d4 d6 2. Nf3 Nf6 3. c4 g6 4. g3 Bg7 5. Bg2 O-O 6. Nc3 c5 7. d5 a6 8. a4 e6
9. O-O exd5 10. cxd5 Nbd7 11. h3 Re8 12. Nd2 Rb8 13. a5 b5 14. axb6 Nxb6 15.
Qc2 a5 16. e4 Ba6 17. Rd1 Nc4 18. b3 Nxd2 19. Bxd2 Nd7 20. Ra3 1/2-1/2

[Event "Interclubs Adultes"]
[Site "Evry"]
[Date "30.05.30"]
[Round "9.4"]
[White "Miralles, Gilles"]
[Black "Mensch, Etienne"]
[Result "1-0"]
[WhiteElo "2490"]
[BlackElo "2324"]
[PlyCount "101"]
[EventDate "30.??.??"]
[WhiteTeam "Antibes"]
[BlackTeam "Bischwiller"]

1. d4 Nf6 2. c4 c5 3. d5 b5 4. cxb5 a6 5. b6 Qxb6 6. Nc3 d6 7. Nf3 Nbd7 8. e4
g6 9. Nd2 Bg7 10. Nc4 Qc7 11. Be2 O-O 12. O-O Rb8 13. Bf4 Nb6 14. Ne3 Nfd7 15.
Rc1 Ne5 16. Bg3 f5 17. f4 Nf7 18. exf5 gxf5 19. Bd3 Nh6 20. Qe2 Nd7 21. Bh4 Nf6
22. Bg5 Nfg4 23. Nc4 Rf7 24. h3 Nf6 25. b3 Kh8 26. Ne3 Nfg8 27. Bxa6 Bxa6 28.
Qxa6 Rff8 29. Qd3 Qd7 30. Nc4 Nf7 31. Rce1 Nf6 32. Ne3 c4 33. Nxc4 Ne4 34. Nxe4
fxe4 35. Qxe4 Qa7+ 36. Kh1 Nxg5 37. fxg5 Qxa2 38. Qxe7 Qxb3 39. Qe4 Qg3 40. Rd1
Rbc8 41. Rxf8+ Rxf8 42. Rb1 Kg8 43. Qe6+ Kh8 44. Qe3 Qxe3 45. Nxe3 Bd4 46. Rf1
Re8 47. Nf5 Bc5 48. g4 Kg8 49. Rb1 Re2 50. Rb8+ Kf7 51. Rh8 1-0

[Event "Interclubs Adultes"]
[Site "Evry"]
[Date "30.05.30"]
[Round "9.5"]
[White "Heinz, Timothee"]
[Black "Acher, Mathieu"]
[Result "0-1"]
[WhiteElo "2304"]
[BlackElo "2381"]
[PlyCount "64"]
[EventDate "30.??.??"]
[WhiteTeam "Bischwiller"]
[BlackTeam "Antibes"]

1. d4 Nf6 2. c4 g6 3. Nc3 Bg7 4. e4 O-O 5. Nf3 d6 6. Be2 e5 7. O-O Nc6 8. d5
Ne7 9. b4 Nh5 10. Re1 Nf4 11. Bf1 a5 12. Ba3 f5 13. bxa5 fxe4 14. Ng5 Nexd5 15.
Ncxe4 Ne7 16. c5 d5 17. c6 Rxa5 18. Bb4 Nxc6 19. Bxa5 Nxa5 20. g3 Nh5 21. Qa4
Nc6 22. h4 h6 23. Be2 Nd4 24. Bxh5 gxh5 25. Re3 hxg5 26. Nxg5 Qf6 27. Rf1 Bg4
28. f4 Qb6 29. Kh1 e4 30. Ree1 Nf3 31. Rb1 Qe3 32. Qa5 Qd2 0-1

[Event "Interclubs Adultes"]
[Site "Evry"]
[Date "30.05.30"]
[Round "9.6"]
[White "Bijaoui, Manuel"]
[Black "Wagner, Claude"]
[Result "1-0"]
[WhiteElo "2388"]
[BlackElo "2358"]
[PlyCount "99"]
[EventDate "30.??.??"]
[WhiteTeam "Antibes"]
[BlackTeam "Bischwiller"]

1. e4 c5 2. Nf3 Nc6 3. Bb5 Nf6 4. Bxc6 dxc6 5. d3 Nd7 6. e5 Nb6 7. O-O Bf5 8.
Nbd2 e6 9. Qe2 Be7 10. Ne4 O-O 11. c4 Nd7 12. Bf4 Bxe4 13. Qxe4 Qc7 14. Rfe1
Rfd8 15. h4 Nf8 16. h5 h6 17. Bd2 Rd7 18. Bc3 Rad8 19. Rad1 Nh7 20. Nh2 b5 21.
b3 b4 22. Ba1 a5 23. f4 a4 24. Nf3 Ra8 25. Kh1 axb3 26. axb3 Ra3 27. Rb1 Qd8
28. Red1 Ra2 29. Bb2 Nf8 30. g4 Nh7 31. Rd2 Bh4 32. Rbd1 Ra6 33. Rg2 Be7 34.
Qe3 Ra2 35. g5 hxg5 36. fxg5 Rxb2 37. Rxb2 Nxg5 38. Rg2 Nxf3 39. Qxf3 Rd4 40.
Rf1 Rh4+ 41. Rh2 Rxh2+ 42. Kxh2 f5 43. exf6 Bxf6 44. Qe4 Qe8 45. Qg4 Qb8+ 46.
Kg2 Qe5 47. Rf2 Kh8 48. Re2 Qc3 49. Qg6 e5 50. Ra2 1-0

[Event "Interclubs Adultes"]
[Site "Evry"]
[Date "30.05.30"]
[Round "9.7"]
[White "Schmitt, Andre"]
[Black "Santo-Roman, Marc"]
[Result "1/2-1/2"]
[WhiteElo "2298"]
[BlackElo "2395"]
[PlyCount "99"]
[EventDate "30.??.??"]
[WhiteTeam "Bischwiller"]
[BlackTeam "Antibes"]

1. e4 c5 2. Nf3 Nc6 3. c3 e5 4. Bc4 Qc7 5. d3 Be7 6. Nbd2 Nf6 7. a4 O-O 8. Nf1
d6 9. Ne3 Be6 10. Qc2 h6 11. O-O Rad8 12. Nd5 Qd7 13. Rb1 Bg4 14. Nd2 Nxd5 15.
Bxd5 Bg5 16. Nc4 Bxc1 17. Rfxc1 Be6 18. Ne3 Rc8 19. Rf1 Ne7 20. Qb3 Bxd5 21.
Nxd5 Nxd5 22. Qxd5 Qc6 23. Qc4 Rfd8 24. f4 exf4 25. Rxf4 d5 26. exd5 Qxd5 27.
Rd1 Rd7 28. Qxd5 Rxd5 29. Kf2 Rcd8 30. Ke3 f5 31. b4 g5 32. Rc4 cxb4 33. Rxb4
b6 34. Rb5 Kf7 35. d4 Kf6 36. g3 Re8+ 37. Kd3 Rxb5 38. axb5 f4 39. gxf4 gxf4
40. Ra1 Re7 41. c4 Re3+ 42. Kd2 Kf5 43. Rxa7 Ke4 44. d5 Kd4 45. Rf7 Re4 46. Rf6
Kxc4 47. Rxb6 h5 48. Rh6 Kxb5 49. Rxh5 Kc5 50. Rf5 1/2-1/2

[Event "Interclubs Adultes"]
[Site "Evry"]
[Date "30.05.30"]
[Round "9.8"]
[White "Cochet, Caroline"]
[Black "Lallemand, Roza"]
[Result "0-1"]
[WhiteElo "2075"]
[BlackElo "2259"]
[PlyCount "54"]
[EventDate "30.??.??"]
[WhiteTeam "Antibes"]
[BlackTeam "Bischwiller"]

1. e4 d6 2. c4 Nf6 3. Nc3 g6 4. g3 Bg7 5. Bg2 O-O 6. Nge2 e5 7. O-O Nc6 8. d3
Nh5 9. Nd5 Bg4 10. h3 Bxe2 11. Qxe2 Nd4 12. Qd1 c6 13. Nc3 Qe8 14. Ne2 Ne6 15.
Rb1 f5 16. exf5 gxf5 17. f4 Qg6 18. Kh2 Rae8 19. Be3 Rf7 20. Rf3 exf4 21. Nxf4
Nexf4 22. gxf4 Rfe7 23. Qd2 Bh6 24. Rg1 Rxe3 25. Bf1 Rxf3 26. Rxg6+ hxg6 27.
Qg2 Bxf4+ 0-1

[Event "Interclubs Adultes"]
[Site "Evry"]
[Date "30.??.??"]
[Round "9.1"]
[White "Vaisser, Anatoly"]
[Black "Landenbergue, Claude"]
[Result "1/2-1/2"]
[WhiteElo "2539"]
[BlackElo "2440"]
[PlyCount "45"]
[EventDate "30.??.??"]
[WhiteTeam "Strasbourg"]
[BlackTeam "Bois-Colombes"]

1. d4 Nf6 2. c4 e6 3. Nc3 Bb4 4. e3 c5 5. Nge2 cxd4 6. exd4 d5 7. a3 Bxc3+ 8.
Nxc3 Nc6 9. Be3 dxc4 10. Bxc4 O-O 11. O-O b6 12. Qf3 Bb7 13. Bd3 Qd7 14. Qh3
Ne7 15. Bg5 Ng6 16. Bxf6 gxf6 17. Rad1 f5 18. d5 Qc7 19. Rfe1 Rad8 20. Nb5 Qd7
21. dxe6 fxe6 22. Qe3 Kh8 23. Be2 1/2-1/2